| 000 | 00941 a2200241 4500 | ||
|---|---|---|---|
| 005 | 20080924111043.0 | ||
| 008 | 080924t xxu||||| |||| 00| 0 eng d | ||
| 010 | _aENG-91116 | ||
| 020 |
_a9788190618410 _c880.00 |
||
| 035 | _aEN-74649 | ||
| 037 | _bDBAD / PUB | ||
| 040 |
_adpl _bEnglish |
||
| 082 | _a346.54016 | ||
| 100 | _aGokilavani, S. | ||
| 245 |
_aMarriage, dowry practice and divorce / _cby S. Gokilvani [and] S. Gabriel Jelestin |
||
| 260 |
_aNew Delhi _bRegal Publications _c2008 |
||
| 270 |
_aF-159, Rajouri Garden _bNew Delhi _e110 027 _k011-45546396 _mregalbookspub@yahoo.com |
||
| 300 |
_axviii, 268 p. _c23 cm. (Hb.) |
||
| 500 | _aIncludes index | ||
| 700 | _aJelestin, Gabriel | ||
| 942 |
_adpl _cEN _2ddc _mGOK _h346.54016 |
||
| 999 |
_c16165 _d16165 |
||